000 00553nam a2200217Ia 4500
003 OSt
005 20220928142224.0
006 a|||||r|||| 00| 0
007 ta
008 220927b |||||||| |||| 00| 0 eng d
024 _a18736
037 _cTextual
040 _aSDCL
_cSDCL
_beng
041 _2eng
_aeng
082 _aP15,Cx7,1,1, F6
100 _aAnuBhutiswaroop
_9502962
245 0 _aSarasvatvyakaran kay purvadharm.
260 _c1926
942 _hP15,Cx7,1,1, F6
_cTEXL
_2CC
999 _c820960
_d820960